the young collector's illustrated classics (Record no. 8527)

MARC details
000 -LEADER
fixed length control field 01072nam a22001937a 4500
003 - CONTROL NUMBER IDENTIFIER
control field OSt
005 - DATE AND TIME OF LATEST TRANSACTION
control field 20260224072525.0
008 - FIXED-LENGTH DATA ELEMENTS--GENERAL INFORMATION
fixed length control field 260224b |||||||| |||| 00| 0 eng d
040 ## - CATALOGING SOURCE
Original cataloging agency DWCL GS library
Transcribing agency OC
082 ## - DEWEY DECIMAL CLASSIFICATION NUMBER
Classification number Fic. D55y 1995
100 ## - MAIN ENTRY--PERSONAL NAME
Personal name Dickens, Charles
245 ## - TITLE STATEMENT
Title the young collector's illustrated classics
Remainder of title : oliver twist
Statement of responsibility, etc. Charles Dickens
260 ## - PUBLICATION, DISTRIBUTION, ETC.
Place of publication, distribution, etc. West peterson avenue chicago
Name of publisher, distributor, etc. Masterwork Books
Date of publication, distribution, etc. c1995
300 ## - PHYSICAL DESCRIPTION
Extent 184
Other physical details illustrations
Dimensions 23
520 ## - SUMMARY, ETC.
Summary, etc. Only nine years old, the orphaned Oliver twist finds himself in one bad situation after another. Soon after he's thrown into a workhouse, Oliver escapes to London to seek a better life. But there he finds a world full of danger. Fortunately, his strength and endurance deliver him to safety, and finally to the comfort of a loving family. <br/><br/>This tale shows how honesty and courage can overcome corruption and be rewarded, even when the hero is but a child.
546 ## - LANGUAGE NOTE
Language note English
700 ## - ADDED ENTRY--PERSONAL NAME
Personal name Charles Dickens
942 ## - ADDED ENTRY ELEMENTS (KOHA)
Source of classification or shelving scheme Dewey Decimal Classification
Koha item type Fiction
Classification part Fic. D55y 1995
Suppress in OPAC No
952 ## - LOCATION AND ITEM INFORMATION (KOHA)
--
Holdings
Withdrawn status Lost status Source of classification or shelving scheme Damaged status Not for loan Home library Current library Shelving location Date acquired Source of acquisition Total Checkouts Full call number Barcode Date last seen Price effective from Koha item type Uniform Resource Identifier
    Dewey Decimal Classification     Grade School Library Grade School Library Fiction 02/24/2026 School Fund, Donation   Fic. D55y 1995 7529 02/24/2026 02/24/2026 FIC.